00719nam a2200217Ia 4500003000500000005001700005008004100022020001900063040001300082082001900095100001900114245005200133260004300185300002500228521001100253650005600264942002900320942001400349999001700363952012100380322820221021142703.0210805s9999 xx 000 0 und d a9780091960155" aDLCcDLC a796.334092 MEI aMAARTEN MEIJER 0aLOUIS VAN GAAL: THE BIOGRAPHY /cMAARTEN MEIJER aLondon :bPenguin Random House,c2014. a 310 pages ; c24 cm aAdults 2 Gaal, Louis vanvBiographiesz Netherlands9173431 2ddcy5815zPontsho Maoko cBOOK2ddc c57273d57272 00102ddc40708700aKWAMLbLOOPLcGENd2022-10-21l0o796.334092 MEIp33228031057130r2022-10-21w2022-10-21yBOOK